| 000 | 00705nam a2200253 a 4500 | ||
|---|---|---|---|
| 008 | |||
| 020 | _a0716752379 (hbk.) | ||
| 049 | 0 | _aMAIN | |
| 090 |
_aHB172.5 _bMAN |
||
| 100 | 1 | _aMankiw, N. Gregory. | |
| 245 | 1 | 0 |
_aMacroeconomics / _cN. Gregory Mankiw. |
| 250 | _a5th ed. | ||
| 260 |
_aNew York : _bWorth Publishers, _cc2003. |
||
| 300 |
_axxxiv, 548 p. : _bcol. ill. ; _c25 cm. |
||
| 500 | _aIncludes index. | ||
| 504 | _aIncludes bibliographical references. | ||
| 650 | _aEconomy. | ||
| 650 | 0 | _aMacroeconomics. | |
| 907 |
_a.b10280893 _b16-04-12 _c20-08-10 |
||
| 003 | |||
| 005 | 20230123125036.0 | ||
| 040 | _cNUST | ||
| 942 |
_cBOOKS _kHB172.5 _mMAN |
||
| 999 |
_c134676 _d134676 |
||